[Event "IBCA Wch U20 blind 5th"]
[Site "Uppsala"]
[Date "2009.06.24"]
[Round "7"]
[White "Khodaei, Masoud"]
[Black "Jandric, Damjan"]
[Result "0-1"]
[WhiteElo "1730"]
[BlackElo "1744"]
[PlyCount "102"]
[EventDate "2009.06.20"]
[EventType "swiss"]
[EventRounds "7"]
[EventCountry "SWE"]
[SourceTitle "EXT 2010"]
[Source "ChessBase"]
[SourceDate "2010.11.25"]
[SourceVersion "1"]
[SourceVersionDate "2010.11.25"]
[SourceQuality "1"]

1. e4 c5 2. Nf3 Nc6 3. c3 d5 4. exd5 Qxd5 5. d4 e6 6. Be3 cxd4 7. cxd4 Nf6 8. a3 Be7 9. Nc3 Qd8 10. Bd3 0-0 11. 0-0 a6 12. Qc2 g6 13. Rad1 Ng4 14. Bd2 Qc7 15. h3 Nxd4 16. Bf4 Qxf4 17. g3 Qxf3 18. Qa4 Ne5 19. Qxd4 Qxd1 20. Qxe5 Qxd3 21. Rd1 Qf5 22. Qe2 b5 23. g4 Qf4 24. Rd3 Rd8 25. Rf3 Qd2 26. Qe5 Bb7 27. Ne4 Bxe4 28. Qxe4 Rac8 29. Qf4 Rc1+ 30. Kg2 Qxf4 31. Rxf4 Rd2 32. b4 Bd6 33. Rf3 Rcc2 34. h4 Bc7 35. h5 Bb6 36. hxg6 Rxf2+ 37. Rxf2 Rxf2+ 38. Kg3 hxg6 39. g5 Kg7 40. Kh4 f6 41. Kg4 fxg5 42. Kxg5 Rf5+ 43. Kg4 Kf6 44. Kh4 Rf4+ 45. Kg3 Kg5 46. Kh3 Rf3+ 47. Kh2 Kg4 48. Kg2 Rb3 49. Kh1 Rb2 50. a4 Kg3 51. axb5 Rh2# 0-1

[Event "IBCA Wch U20 blind 5th"]
[Site "Uppsala"]
[Date "2009.06.23"]
[Round "6"]
[White "Polakova, Petra"]
[Black "Khodaei, Masoud"]
[Result "0-1"]
[WhiteElo "1250"]
[BlackElo "1730"]
[PlyCount "68"]
[EventDate "2009.06.20"]
[EventType "swiss"]
[EventRounds "7"]
[EventCountry "SWE"]
[SourceTitle "EXT 2010"]
[Source "ChessBase"]
[SourceDate "2010.11.25"]
[SourceVersion "1"]
[SourceVersionDate "2010.11.25"]
[SourceQuality "1"]

1. e4 c5 2. Bc4 e6 3. d3 a6 4. Nf3 b5 5. Bxe6 dxe6 6. Ne5 Bd6 7. d4 cxd4 8. Qxd4 a5 9. Nf3 Nc6 10. Qd3 f6 11. 0-0 Ba6 12. Rd1 Bc7 13. Qe2 Qb8 14. Be3 b4 15. Qd2 Qb7 16. Bc5 Rd8 17. Qe1 Rxd1 18. Qxd1 Nge7 19. c3 0-0 20. b3 Rd8 21. Qc2 Bd3 22. Qc1 Bxe4 23. Nbd2 Bf4 24. Qe1 Bf5 25. Ne4 Ng6 26. Be3 bxc3 27. Nc5 Qf7 28. Rc1 c2 29. Bxf4 Nxf4 30. Nh4 Qh5 31. Nxf5 Rd1 32. Ne3 Rxe1+ 33. Rxe1 c1Q 34. Rxc1 Ne2+ 0-1